| 000 | 00946nam a2200277 a 4500 | ||
|---|---|---|---|
| 999 |
_c4219 _d4219 |
||
| 001 | 4219 | ||
| 003 | BD-JhCC | ||
| 005 | 20171125110317.0 | ||
| 008 | 840628s1985 coua 001 0 eng | ||
| 020 |
_a0865317194 (pbk.) : _c$10.95 (est.) |
||
| 020 |
_a0865317186 (hard) : _c$25.00 (est.) |
||
| 035 | _a(BD-JhCC)4219 | ||
| 040 |
_aDLC _cDLC _dDLC _d(BD-JhCC) |
||
| 041 | _aeng | ||
| 050 | 0 | 0 |
_aUA23 _b.S58 1985 |
| 082 | 0 | 0 |
_a355/.0335/73 _219 _bSPI 1985 |
| 100 | 1 | _aSpinney, Franklin C. | |
| 245 | 1 | 0 |
_aDefense facts of life : _bthe plans/reality mismatch / _cFranklin C. Spinney ; edited and with commentary by James Clay Thompson. |
| 260 |
_aBoulder : _bWestview Press, _c1985. |
||
| 300 |
_axviii, 260 p. : _bill. ; _c23 cm. |
||
| 500 | _aIncludes index. | ||
| 651 | 0 |
_aUnited States _xMilitary policy. |
|
| 651 | 0 |
_aUnited States _xArmed Forces _xAppropriations and expenditures. |
|
| 700 | 1 |
_aThompson, James Clay, _d1943- |
|
| 942 |
_2ddc _cBK |
||